| 000 | 00923nam a2200277 a 4500 | ||
|---|---|---|---|
| 001 | 000107982 | ||
| 003 | CHAP | ||
| 005 | 20220329143952.0 | ||
| 008 | 131125s2011 mx a |r ||||||spa d | ||
| 010 | _a104444 | ||
| 011 | _a105416 | ||
| 020 | _a9786077843122 | ||
| 040 | _cCHAP | ||
| 082 | 0 | 4 |
_a352.0072 _bG57 |
| 245 | 0 | 4 |
_aLos gobiernos municipales a debate : _bun análisis de la institución municipal a través de la encuesta INEGI 2009 / _ccoordinado por Enrique Cabrero Mendoza y David Arellano Gault. |
| 260 |
_aMéxico, D.F. : _bCIDE, _c2011. |
||
| 300 |
_a522 p. : _bil. |
||
| 590 |
_aBATCH-UPD _b05 _c20131125 _lUCH01 _h1326 |
||
| 590 |
_aE11695DGD _b10 _c20131126 _lUCH01 _h1504 |
||
| 590 |
_aE5765TAJ _b05 _c20131125 _lUCH01 _h1325 |
||
| 650 | 1 | 4 |
_aAdministración municipal _zMéxico _vEncuestas. _9124752 |
| 700 | 0 |
_aCabrero Mendoza, Enrique _ecoord. _916717 |
|
| 901 | _aBK | ||
| 942 | _cLIBRO | ||
| 942 | _n0 | ||
| 999 |
_c104444 _d104444 |
||